The Swiss : a cultural panorama of Switzerland.

Uloženo v:
Podrobná bibliografie
Hlavní autor: Sorell, Walter
Médium: Kniha
Jazyk:Undetermined
Vydáno: New York Bobbs-Merrill 1972
Témata:
Tagy: Přidat tag
Žádné tagy, Buďte první, kdo otaguje tento záznam!
Thư viện lưu trữ: Trung tâm Học liệu Trường Đại học Cần Thơ
LEADER 00560nam a2200205Ia 4500
001 CTU_85143
008 210402s9999 xx 000 0 und d
082 |a 914.94 
082 |b S713 
100 |a Sorell, Walter 
245 4 |a The Swiss : 
245 2 |b a cultural panorama of Switzerland. 
245 0 |c Walter Sorell 
260 |a New York 
260 |b Bobbs-Merrill 
260 |c 1972 
650 |a National characteristics,Intellectual life 
650 |z Swiss,Switzerland 
904 |i Năm 
980 |a Trung tâm Học liệu Trường Đại học Cần Thơ